Quizzes
Events
Quiz Creation
Community
Videos
Private Events
Remove Ads
Sign In
Join for FREE
Feedback
Dark Mode
Quiz Categories
Sports
Geography
Music
Movies
Television
Just For Fun
Miscellaneous
History
Literature
Language
Science
Gaming
Entertainment
Religion
Holiday
For Kids
Quiz Lab
Recent
Popular Today
Quiz Kudos Today
Editor Picks
Curator Picks
Quizzes by...
Day
Popularity
Type
Ratings
Length
Year
Community
Subscriptions
Recent Discussions
Orange Saloon
Badges
Playlists
Quests
Create
Leaderboards
Showdown
Live 5
Trivia Bingo
Activity
Puzzle Library
Sporcle Events
Private Events
Virtual Trivia
Globe League
Become a Host
Pub Owners
SporcleCon
Opinionation
Our Games
Videos
Blog
Mobile Apps
Partnerships
Remove Ads and Go Orange
Feedback
Literature
Harry Potter
A Song of Ice and Fire
The Hunger Games
Literary Character
Shakespeare
Book
Author
Novel
Poem
Young Adult
Children's Books
Play
Lord of the Rings
Literature
Harry Potter
A Song of Ice and Fire
The Hunger Games
Literary Character
Shakespeare
Book
Author
Novel
Poem
Young Adult
Children's Books
Play
Lord of the Rings
Random Quiz
Search Sporcle
×
Quiz Lab
Quiz Lab
Literature
Author
Type in answers that appear in a list
Type in answers that appear in a list
Classic
Best Score? Go Orange.
Classic Books by Antonym Stats
Can you name the book titles from their antonyms?
By
HarryPotter14
5m
15 Questions
392 Plays
392 Plays
392 Plays
Comments
Comments
Give Quiz Kudos
Give Quiz Kudos
-
- Ratings
hide this ad
Random Order
Randomize order of answers
Randomize order of answers
Replay
Link that replays current quiz
Next Quiz
Link to next quiz in quiz playlist
You Got
0%
They Got
Avg Score
73%
Avg Friend Score
Upgrade to see
Score Distribution
Jump to the score distribution portion of the page
Score
0/15
Timer
05:00
0
Plays Today
Antonym
Book Title
% Correct
From Rats and Women
Of Mice and Men
94.1%
The Visible Woman
The Invisible Man
91.6%
Truce and Battles
War and Peace
90.5%
The Raisins of Peace
The Grapes of Wrath
88%
Duke of the Gnats
Lord of the Flies
86.2%
Two Thousand Forty Eight
Nineteen Eighty Four
85.7%
Release-
44
Catch-22
83.4%
The Chartruese Number
The Scarlet Letter
78.8%
Antonym
Book Title
% Correct
Anna
Emma
71.4%
Calm Depths
Wuthering Heights
70.6%
The Blue Pin of Cowardice
The Red Badge of Courage
67%
Kindness and Praise
Crime and Punishment
59.3%
Here Without the Stillness
Gone With the Wind
52.9%
Easy Days
Hard Times
46.3%
Prevention
Persuasion
43.5%
Quiz Playlist
Details
Report
Send in Message
Add To Playlist
Classic:
Type in answers that appear in a list
Random Order:
Randomize order of answers
Last Updated: Feb 16, 2017
Quiz Scoreboard
CHALLENGE
Sign Up to Join the Scoreboard
Show All
Scores
Hide
Comments
May contain spoilers
Recently Published
TV Characters by Other Roles V
by ghcgh
Television
5m
Decade Duel: World Leaders
by jenniferyan
History
4m
Alphabetical 'K' Countries by Flag Minefield
by ylime102
Geography
3m
More to Explore
Quiz From the Vault
Featured Blog Post
15 Basketball Trivia Facts You Can Be March Mad About
hide this ad
You Might Also Like...
Tags
Author Quiz
Book Quiz
Today's Top Quizzes in Literature
Browse Literature
hide this ad
Today's Top Quizzes in Author
Browse Author
Top Contributed Quizzes in Literature
1
Criteria Quiz: Harry Potter Gryffindors
2
Criteria Quiz: Harry Potter Deaths
3
Season Plays
4
Pick 3: Harry Potter Hogwarts Quidditch Players
5
Harry Potter Characters: Logic Puzzle
6
Word Ladder: King's 'The Stand'
7
Harry Potter logic puzzle: Triwizard Tournament
8
Spring Reading List
9
Hogwarts Midnight Escape
10
Sirius Black vs Dementors: Logic Puzzle
Explore More
Trending Topics
Kpop
Crossword
Marvel
Anime
Disney
NBA
Harry Potter
The Office
Country
Puzzle
WWE
Song
Soccer
Pokémon
NFL
hide this ad
More By:
HarryPotter14
Quiz
Plays
Rating
Category
Featured
Created
Movie Kisses II
77,250
4.36
Movies
Feb 1, 2012
Movies That Make Us Want to Dance
54,920
4.20
Movies
Apr 18, 2011
TV Shows by Pilot Episode
48,628
4.15
Television
May 17, 2012
'Go Your Own Way' Lyrics
45,585
4.66
Music
Oct 2, 2012
'60s, '70s, and '80s Hits by Clip
45,486
4.77
Music
Dec 10, 2012
Go to Creator's Profile
Score Distribution
Quiz Creator Spotlight
HarryPotter14
Follow
Send a Message
Quizzes Created
-
Created Quiz Play Count
-
More By This Creator
Popular Quizzes Today
1
Countries of Asia Without Outlines Minefield
2
Find the US States - No Outlines Minefield
3
Pick 6: Fruits
4
The Countries of the World
5
Alphabetical 'K' Countries by Flag Minefield
6
Find the Countries of Europe - No Outlines Minefield
7
US States
8
Find the US States
More Literature Quizzes
Harry Potter Character Mentions Per Book II
Published
Trending Quizzes
Pick 6: Mountains
Pick 6: Harry Potter
Pick 6: Flags
Pick 6: NFL Teams
Pick 6: Movie Franchises
Recently Updated
Adaptations: Name the Title
pecheneg
NWSL Teams
pecheneg
Women's Final Four Teams by Year
bhenderson79
Presidents Quartet II
eogle
Anything But Clue(do)
eogle
Anything But Oceanian Capitals
eogle
Anything But 7
eogle
Anything But Thing
eogle
Word Ladder: February 29
pecheneg
Song Title Questions
pecheneg
Trending Topics
Harry Potter
Anime
NBA
Crossword
Marvel
Disney
Kpop
Puzzle
NFL
Soccer
WWE
Pokémon
Country
Song
The Office
Your Account Isn't Verified!
In order to create a playlist on Sporcle, you need to verify the email address you used during registration. Go to your
Sporcle Settings
to finish the process.
Report this User
Report this user for behavior that violates our
Community Guidelines
.
Details:
Send Report
Go to the Sporcle.com Mobile Site →
Comments